000 00310 a2200121 4500
000 nam a22 7a 4500
005 20260423150535.0
020 _a9783476059475
100 _aMarkus Tiedemann
_91235547
245 _aPhilosophical Education Beyond the Classroom
260 _bSpringer
_c2024
942 _cTEXL
999 _c1848436
_d1848436